[Event "World Youth Girl U14 2016"]
[Site "Khanty-Mansiysk RUS"]
[Date "2016.09.23"]
[Round "2.14"]
[White "Koroleva, Evgeniya"]
[Black "Idirisinghe, I M N H"]
[Result "1-0"]
[WhiteElo "1970"]
[BlackElo "1436"]
[WhiteFideId "34124010"]
[BlackFideId "9915478"]
[EventDate "2016.09.22"]

1. d4 d5 2. c4 e6 3. Nc3 c5 4. cxd5 exd5 5. Nf3 Nc6 6. g3 Nf6 7. Bg2 Be7 8. O-O
O-O 9. dxc5 Bxc5 10. Bg5 d4 11. Ne4 Be7 12. Bxf6 Bxf6 13. Qd2 Bf5 14. Nxf6+ Qxf6
15. Qf4 Rab8 16. Rfd1 Rfd8 17. Nh4 Ne7 18. Nxf5 Qxf5 19. Rxd4 Qxf4 20. Rxd8+
Rxd8 21. gxf4 b6 22. Rc1 Ng6 23. e3 Kf8 24. Be4 Nh4 25. h3 Ke7 26. Rc7+ Rd7 27.
Rxd7+ Kxd7 28. Kf1 f5 29. Ba8 Ng6 30. Ke2 Kd6 31. Kd3 Ke6 32. Kd4 Kd6 33. Kc4 a5
34. Kb5 Kc7 35. Bd5 Ne7 36. Be6 Kd6 37. Bc4 Kc7 38. Bd3 Nc8 39. Kc4 Nd6+ 40. Kd4
Kd7 41. Ke5 g6 42. h4 Nf7+ 43. Kf6 Nh6 44. f3 Ng8+ 45. Kg7 Ne7 46. Kxh7 Kc6 47.
Kg7 Kd6 48. Kf6 Nd5+ 49. Kxg6 Nxe3 50. h5 Nd5 51. Kxf5 Ne7+ 52. Kg5 Ng8 53. h6
Nxh6 54. Kxh6 Ke6 55. Kg6 Ke7 1-0

[Event "World Youth Girl U14 2016"]
[Site "Khanty-Mansiysk RUS"]
[Date "2016.09.23"]
[Round "2.16"]
[White "Nasybullina, Dayana"]
[Black "Salonika, Saina"]
[Result "0-1"]
[BlackTitle "WCM"]
[WhiteElo "1622"]
[BlackElo "2093"]
[WhiteFideId "34127280"]
[BlackFideId "25013971"]
[EventDate "2016.09.22"]

1. e4 c5 2. Nf3 d6 3. d4 cxd4 4. Nxd4 Nf6 5. Nc3 g6 6. f4 Nc6 7. Nxc6 bxc6 8. e5
dxe5 9. Qxd8+ Kxd8 10. fxe5 Nd7 11. Bf4 Bg7 12. O-O-O Ke8 13. Re1 Nc5 14. g3 Be6
15. Rd1 Nd7 16. Bg2 Rc8 17. Rhe1 h6 18. h4 g5 19. hxg5 hxg5 20. Bxg5 Bxe5 21.
Bf4 Bxc3 22. bxc3 Bxa2 23. Rd4 Nb6 24. Bg5 Be6 25. Bf3 Rg8 26. Bh4 Rc7 27. Red1
Bd5 28. c4 Nxc4 29. Bxd5 cxd5 30. Rxd5 f6 31. Re1 Kf7 32. c3 a5 33. Rd4 a4 34.
Ree4 Rgc8 35. Rd3 a3 36. Kb1 Rb7+ 37. Ka1 a2 38. Re2 Ra8 39. Rxa2 Na3 40. Rb2
Nc4+ 41. Ra2 Rab8 42. Rd1 Rb3 43. Ra7 Na3 44. Rc1 Nb5 45. Ra5 Nxc3 46. Rxc3 Rxc3 0-1

[Event "World Youth Girl U14 2016"]
[Site "Khanty-Mansiysk RUS"]
[Date "2016.09.23"]
[Round "2.17"]
[White "Schulze, Lara"]
[Black "Skaslien, Ingrid"]
[Result "1/2-1/2"]
[WhiteTitle "WFM"]
[WhiteElo "2034"]
[BlackElo "1588"]
[WhiteFideId "12956830"]
[BlackFideId "1520660"]
[EventDate "2016.09.22"]

1. e4 c5 2. Nf3 a6 3. c4 e6 4. Nc3 Nc6 5. d4 cxd4 6. Nxd4 Qc7 7. Be3 Nf6 8. a3
d6 9. Rc1 Bd7 10. Be2 Rc8 11. O-O Be7 12. f3 O-O 13. b4 b6 14. Nxc6 Bxc6 15. Nd5
Bxd5 16. cxd5 Qb7 17. dxe6 fxe6 18. Qb3 d5 19. e5 Nd7 20. f4 Rxc1 21. Rxc1 Rc8
22. Rxc8+ Qxc8 23. Bg4 Qc6 24. Qd3 b5 25. Kf1 g6 26. g3 Kf7 27. Be2 Qc4 28. Qd2
Qc6 29. h4 Nb6 30. Bxb6 Qxb6 31. h5 Kg7 32. hxg6 hxg6 33. Kg2 Qc6 34. Qd4 Qc2
35. Kf2 Qc7 36. Bg4 Kf7 37. Be2 Kg7 38. g4 Bd8 39. Kf3 Qb6 40. Ke3 Qxd4+ 41.
Kxd4 Bb6+ 42. Kd3 Bf2 43. Bf3 Bb6 44. f5 Kf7 45. Bg2 Bc7 46. Bxd5 exd5 47. Kd4
gxf5 48. gxf5 Ke7 49. Kxd5 a5 50. bxa5 Bxa5 51. f6+ Kf7 52. Kd6 Bd8 53. Kc6 Ke6
54. Kxb5 Bc7 55. a4 Bxe5 56. a5 Bd4 57. a6 Kxf6 58. a7 Bxa7 1/2-1/2

[Event "World Youth Girl U14 2016"]
[Site "Khanty-Mansiysk RUS"]
[Date "2016.09.23"]
[Round "2.18"]
[White "Mangalam, Shreya B"]
[Black "Vantika, Agrawal"]
[Result "0-1"]
[WhiteElo "1739"]
[BlackElo "2012"]
[WhiteFideId "2085070"]
[BlackFideId "25050389"]
[EventDate "2016.09.22"]

1. e4 c5 2. Nf3 e6 3. d4 cxd4 4. Nxd4 Nc6 5. Nc3 Qc7 6. Be2 a6 7. O-O Nf6 8. Be3
Bb4 9. Na4 Be7 10. Nxc6 bxc6 11. Nb6 Rb8 12. Nxc8 Qxc8 13. Bd4 c5 14. Be5 Rb6
15. Qd3 d6 16. Bc3 O-O 17. b3 d5 18. exd5 Nxd5 19. Be5 Bf6 20. Bxf6 Nxf6 21.
Rad1 h6 22. Bf3 Qc7 23. Rd2 Rc8 24. Rfd1 a5 25. Qc3 Rbb8 26. g3 Qb6 27. Rd6 Qb4
28. Qe5 c4 29. R6d4 a4 30. Be2 Rb5 31. Qd6 Nd5 32. Qxb4 Rxb4 33. Bxc4 Nc3 34.
Rd8+ Rxd8 35. Rxd8+ Kh7 36. Ra8 Kg6 37. a3 Rb7 38. bxa4 Rb1+ 39. Kg2 Ra1 40. a5
Rxa3 41. a6 Kf6 42. Rc8 Nd5 43. Bxd5 exd5 44. Ra8 g5 45. a7 h5 46. h3 Kf5 47.
Kf1 h4 48. Ke2 Kf6 49. c3 g4 50. hxg4 h3 51. g5+ Kg7 52. g6 fxg6 53. Kf3 Ra1 54.
Kg4 h2 55. Rb8 h1=Q 56. a8=Q Qh5+ 57. Kf4 Qf5+ 58. Ke3 Qe4+ 59. Kd2 Qe1+ 60. Kd3
Rd1+ 61. Kc2 Qd2+ 62. Kb3 Rb1+ 63. Ka3 Qxc3+ 64. Ka4 Qa1# 0-1

[Event "World Youth Girl U14 2016"]
[Site "Khanty-Mansiysk RUS"]
[Date "2016.09.23"]
[Round "2.19"]
[White "Serikbay, Assel"]
[Black "Tomcikova, Dominika"]
[Result "1-0"]
[WhiteTitle "WFM"]
[WhiteElo "1996"]
[BlackElo "1713"]
[WhiteFideId "13706799"]
[BlackFideId "14935554"]
[EventDate "2016.09.22"]

1. d4 Nf6 2. Nf3 e6 3. c4 d5 4. g3 dxc4 5. Bg2 c6 6. Ne5 Bb4+ 7. Nc3 Nd5 8. Bd2
Nb6 9. e3 N8d7 10. Nxd7 Qxd7 11. O-O Bxc3 12. Bxc3 Nd5 13. Bd2 O-O 14. e4 Ne7
15. Bc3 b5 16. b4 Rd8 17. Qc2 Qc7 18. Qb2 f5 19. d5 cxd5 20. Bxg7 dxe4 21. Rfd1
Nd5 22. Be5 Qf7 23. f3 exf3 24. Bxf3 Bb7 25. Qd2 Qg6 26. Qe2 Bc6 27. Bh5 Qh6 28.
Bd4 Be8 29. Bf3 Bc6 30. Qe5 Kf7 31. Re1 Ne7 32. Bh5+ Kf8 33. Qh8+ Ng8 34. Bc5+ 1-0

[Event "World Youth Girl U14 2016"]
[Site "Khanty-Mansiysk RUS"]
[Date "2016.09.23"]
[Round "2.21"]
[White "Koubova, Anna Marie"]
[Black "Smbatyan, Qristine"]
[Result "1-0"]
[WhiteElo "1822"]
[BlackElo "1506"]
[WhiteFideId "381470"]
[BlackFideId "13308319"]
[EventDate "2016.09.22"]

1. d4 Nf6 2. c4 e6 3. g3 Be7 4. Bg2 d5 5. Nf3 O-O 6. O-O c6 7. Qc2 Nbd7 8. Bf4
dxc4 9. Qxc4 Nd5 10. Bd2 Bf6 11. Nc3 N5b6 12. Qb3 c5 13. dxc5 Nxc5 14. Qc2 Qe7
15. Rfd1 Bd7 16. Bf4 e5 17. Bxe5 Bxe5 18. Nd5 Nxd5 19. Rxd5 Bd6 20. Rad1 Ne4 21.
Nh4 Be6 22. Bxe4 Bxd5 23. Bxh7+ Kh8 24. Rxd5 Be5 25. Nf5 Qe6 26. Qe4 Bxg3 27.
Nxg3 Qxe4 28. Bxe4 Rfd8 29. Rb5 Rd7 30. Rxb7 Rxb7 31. Bxb7 Rc8 32. Bd5 f6 33. b3
a5 34. Nf5 Rd8 35. Bc4 g6 36. Ne7 Kg7 37. Nc6 Ra8 38. a3 Kf8 39. b4 axb4 40.
axb4 Ke8 41. Bd3 Kd7 42. b5 Re8 43. Kf1 g5 44. Kg2 Rh8 45. Nb4 Kd6 46. Na6 Rh4
47. f3 Ra4 48. b6 1-0

[Event "World Youth Girl U14 2016"]
[Site "Khanty-Mansiysk RUS"]
[Date "2016.09.23"]
[Round "2.22"]
[White "Zahedifar, Anahita"]
[Black "Tharushi, T H D Niklesha"]
[Result "1-0"]
[WhiteTitle "WFM"]
[WhiteElo "2081"]
[BlackElo "1584"]
[WhiteFideId "12560715"]
[BlackFideId "9918264"]
[EventDate "2016.09.22"]

1. d4 Nf6 2. c4 e6 3. Nc3 Bb4 4. Qc2 d6 5. e4 Nbd7 6. a3 Bxc3+ 7. bxc3 O-O 8.
Bd3 e5 9. Nf3 Re8 10. O-O Nf8 11. h3 Nh5 12. Be2 Nf4 13. Bxf4 exf4 14. Bd3 Ng6
15. Qd2 Qf6 16. e5 dxe5 17. Bxg6 fxg6 18. Nxe5 f3 19. Nxf3 Bxh3 20. Ne5 Rad8 21.
Rfe1 Be6 22. Re3 Qf4 23. Qe2 c5 24. Nd3 Qf7 25. Re1 Bd7 26. Ne5 Qf5 27. Rf3 Qh5
28. Qd2 Bg4 29. Rfe3 Bf5 30. d5 g5 31. d6 Re6 32. d7 Rh6 33. Kf1 Qh1+ 34. Ke2
Qxg2 35. Kd1 Rb6 36. Nd3 Rb1+ 37. Kc2 Rxe1 38. Qxe1 Rxd7 39. Kb3 Rf7 40. Re8+
Rf8 41. Qe7 h6 42. Qxf8+ Kh7 43. Qxf5+ g6 44. Qf7# 1-0

[Event "World Youth Girl U14 2016"]
[Site "Khanty-Mansiysk RUS"]
[Date "2016.09.23"]
[Round "2.23"]
[White "Gomes, Maria Eduarda"]
[Black "Nestorovic, Katarina"]
[Result "0-1"]
[WhiteElo "1569"]
[BlackElo "2017"]
[WhiteFideId "2158957"]
[BlackFideId "954632"]
[EventDate "2016.09.22"]

1. e4 c5 2. Nf3 e6 3. d4 cxd4 4. Nxd4 Nf6 5. Nc3 d6 6. f4 Be7 7. Be3 O-O 8. Qf3
Nbd7 9. O-O-O a6 10. Rg1 Qc7 11. g4 Nc5 12. g5 Nfd7 13. Rg3 b5 14. Rh3 Re8 15.
f5 Bb7 16. Qh5 Nf8 17. g6 fxg6 18. fxg6 hxg6 19. Qh8+ Kf7 20. Rf3+ Bf6 21. Bg5
Nfd7 22. Bxf6 Nxf6 23. Qh4 Rh8 24. Qf2 b4 25. Nb1 Nxe4 26. Qe2 Qc5 27. Nb3 Qg5+
28. N1d2 Nxd2 29. Nxd2 Bxf3 30. Qxf3 Qd5 31. Qf2 Qc5 32. Qg3 Rh5 33. Bd3 Rg5 34.
Qf3 d5 35. h4 Rg1 36. Nb3 Rxd1+ 37. Qxd1 Qe3+ 38. Nd2 e5 39. Kb1 e4 40. Be2 Rh8
41. Bxa6 Rxh4 42. Nf1 Qf2 43. Qe2 Qxe2 44. Bxe2 Rh1 45. b3 Ng4 46. Bxg4 Rxf1+
47. Kb2 e3 48. Be2 Rf2 49. Bd3 e2 0-1

[Event "World Youth Girl U14 2016"]
[Site "Khanty-Mansiysk RUS"]
[Date "2016.09.23"]
[Round "2.24"]
[White "Marais, Nina"]
[Black "Filippova, Darya"]
[Result "0-1"]
[WhiteTitle "WCM"]
[BlackTitle "WFM"]
[WhiteElo "1544"]
[BlackElo "1888"]
[WhiteFideId "14306883"]
[BlackFideId "24173738"]
[EventDate "2016.09.22"]

1. d4 d5 2. c4 c6 3. Nf3 Nf6 4. Nc3 e6 5. e3 Nbd7 6. Bd3 Bd6 7. b3 O-O 8. Bb2
Qe7 9. O-O b6 10. Qc2 Bb7 11. Rac1 Rac8 12. Rfd1 h6 13. Qe2 c5 14. Nb5 Bb8 15.
Ba3 e5 16. dxe5 Nxe5 17. Bf5 Nxf3+ 18. gxf3 Qe5 19. Qd3 Qxh2+ 20. Kf1 dxc4 21.
Qxc4 Qh1+ 22. Ke2 Bxf3+ 23. Kd2 Rcd8+ 24. Bd3 Bxd1 25. Rxd1 Qg2 26. Rf1 Qxf1 0-1

[Event "World Youth Girl U14 2016"]
[Site "Khanty-Mansiysk RUS"]
[Date "2016.09.23"]
[Round "2.25"]
[White "Bechvaia, Maia"]
[Black "Yapa Bandara, Chamodya"]
[Result "0-1"]
[WhiteElo "1848"]
[BlackElo "1582"]
[WhiteFideId "13613294"]
[BlackFideId "9914706"]
[EventDate "2016.09.22"]

1. e4 c5 2. Nf3 d6 3. c3 Nf6 4. h3 Nc6 5. Bd3 b6 6. O-O Bb7 7. Bc2 e6 8. Re1 Be7
9. d4 cxd4 10. cxd4 O-O 11. Nc3 Nb4 12. Ba4 Rc8 13. a3 Nc6 14. Bf4 Na5 15. Qe2
a6 16. Rad1 b5 17. Bc2 Nc4 18. Bb1 Nxa3 19. bxa3 Rxc3 20. Qb2 Rc8 21. Qb3 Re8
22. Qd3 Nd7 23. e5 Nf8 24. Bh2 d5 25. Nd2 Qa5 26. Re3 Rc6 27. f4 Rec8 28. Nb3
Qb6 29. f5 exf5 30. Qxf5 Bxa3 31. Rf1 R6c7 32. e6 fxe6 33. Bxc7 Qxc7 34. Rxe6 g6
35. Qf6 Nxe6 36. Qxe6+ Kh8 37. Rf7 Qd6 38. Qxd6 Bxd6 39. Rxb7 Rc3 40. Ba2 Rc2
41. Rb6 Bg3 42. Bb1 Rb2 43. Bd3 Rxb3 44. Bf1 Ra3 45. Re6 Kg7 46. Re7+ Kh6 47.
Rd7 b4 48. Rxd5 b3 49. Rd7 a5 50. Rb7 a4 51. d5 Ra2 52. d6 Bxd6 53. g4 Bg3 54.
Bc4 Rc2 55. Bd5 b2 56. Ba2 Bh4 0-1

[Event "World Youth Girl U14 2016"]
[Site "Khanty-Mansiysk RUS"]
[Date "2016.09.23"]
[Round "2.26"]
[White "Mishra, Anwesha"]
[Black "Akulova, Alicia"]
[Result "1-0"]
[WhiteTitle "WFM"]
[WhiteElo "1819"]
[BlackElo "1563"]
[WhiteFideId "35002767"]
[BlackFideId "242861"]
[EventDate "2016.09.22"]

1. d4 Nf6 2. c4 g6 3. Nc3 d5 4. cxd5 Nxd5 5. e4 Nxc3 6. bxc3 Bg7 7. Nf3 O-O 8.
Qb3 c5 9. Be3 Nc6 10. dxc5 Qa5 11. Rc1 Bg4 12. Nd2 Rad8 13. Qc2 Ne5 14. Nb3 Qa3
15. f4 Nc6 16. h3 Be6 17. Bd3 Na5 18. Rb1 Nc4 19. Bd4 Na5 20. Bf2 Bc4 21. Bxc4
Nxc4 22. O-O e5 23. Qe2 Qa4 24. fxe5 Nxe5 25. Nd4 Qd7 26. Rfd1 Qe7 27. Nb5 Nc6
28. Nd6 Rb8 29. Bd4 Be5 30. Nc4 Bc7 31. e5 Rfe8 32. Re1 b6 33. cxb6 axb6 34. Qf3
b5 35. Qxc6 bxc4 36. Rxb8 Bxb8 37. Qxc4 Ba7 38. Qd3 Qc7 39. Qe3 f6 40. Bxa7 Rxe5
41. Qf2 Rxe1+ 42. Qxe1 Qxa7+ 43. Qf2 Qa6 44. Qd2 Qb6+ 45. Kf1 Qb1+ 46. Kf2 Qb6+
47. Kf3 Qb7+ 48. Ke3 Qb6+ 49. Kd3 Qb1+ 50. Kc4 Qf1+ 51. Kb4 Qb1+ 52. Kc5 Qf5+
53. Qd5+ 1-0

[Event "World Youth Girl U14 2016"]
[Site "Khanty-Mansiysk RUS"]
[Date "2016.09.23"]
[Round "2.27"]
[White "Oberholzer, Imarie"]
[Black "Vanduyfhuys, Daria"]
[Result "0-1"]
[WhiteTitle "WFM"]
[WhiteElo "1512"]
[BlackElo "1810"]
[WhiteFideId "14306506"]
[BlackFideId "246336"]
[EventDate "2016.09.22"]

1. e4 c5 2. Nc3 Nc6 3. f4 e6 4. Nf3 Nge7 5. Bb5 d5 6. Bxc6+ Nxc6 7. d3 d4 8. Ne2
Be7 9. O-O b6 10. Ng3 f5 11. exf5 exf5 12. Ne5 Nxe5 13. fxe5 O-O 14. Qf3 Be6 15.
Bd2 Bd5 16. Qf2 g6 17. Bh6 Rf7 18. Rae1 Be6 19. Ne2 Bg5 20. Bxg5 Qxg5 21. Nf4
Re7 22. Nxe6 Rxe6 23. c3 Rd8 24. cxd4 Rxd4 25. Qf3 Qd8 26. Re3 Qd5 27. Qxd5 Rxd5
28. Rfe1 f4 29. Re4 g5 30. d4 cxd4 31. Rd1 d3 32. Kf2 Kf7 33. Kf3 Kg6 34. g3
fxg3 35. Kxg3 h5 36. Re3 Rexe5 37. Rexd3 Rxd3+ 38. Rxd3 Re2 39. Rd7 Rxb2 40.
Rxa7 Kf6 41. h3 h4+ 42. Kg4 Kg6 43. Rc7 Rg2+ 44. Kf3 Rg3+ 45. Kf2 Rxh3 46. Rc6+
Kh5 47. a4 Rb3 48. Re6 h3 49. Re8 Kh4 50. Rh8+ Kg4 51. Kg1 Kg3 52. Kf1 h2 53.
Rh5 h1=Q+ 0-1

[Event "World Youth Girl U14 2016"]
[Site "Khanty-Mansiysk RUS"]
[Date "2016.09.23"]
[Round "2.28"]
[White "Nayberg, Simona"]
[Black "Gronn, Embla Ekeland"]
[Result "1-0"]
[WhiteElo "1807"]
[BlackElo "1533"]
[WhiteFideId "2075180"]
[BlackFideId "1517600"]
[EventDate "2016.09.22"]

1. e4 c6 2. d4 d5 3. f3 e6 4. Nc3 Bb4 5. Qd3 dxe4 6. fxe4 c5 7. Be3 cxd4 8. Bxd4
Nf6 9. Ne2 Nc6 10. O-O-O Nxd4 11. Nxd4 O-O 12. e5 Nd5 13. Ne4 b6 14. Qh3 Bd7 15.
Bd3 h6 16. Rhf1 Bc5 17. Nb3 Be7 18. Rf3 Bg5+ 19. Kb1 Nf4 20. Qg3 Nxd3 21. Rfxd3
Qc7 22. Rxd7 Rfd8 23. Qd3 Rxd7 24. Qxd7 Rd8 25. Nf6+ Bxf6 26. Qxc7 Rxd1+ 27. Nc1
Bg5 28. a4 Rxc1+ 29. Ka2 Bf4 30. Qxa7 Bxh2 31. Qxb6 Bxe5 32. a5 g6 33. a6 Rxc2
34. a7 Rc8 35. Qb7 1-0

[Event "World Youth Girl U14 2016"]
[Site "Khanty-Mansiysk RUS"]
[Date "2016.09.23"]
[Round "2.29"]
[White "Parhomenko, Anastasija"]
[Black "Nomindalai, Tumurbaatar"]
[Result "0-1"]
[BlackTitle "CM"]
[WhiteElo "1506"]
[BlackElo "1757"]
[WhiteFideId "11606185"]
[BlackFideId "4904095"]
[EventDate "2016.09.22"]

1. d4 d5 2. Nf3 Nc6 3. Bf4 Bg4 4. e3 Nf6 5. c3 e6 6. Nbd2 Bd6 7. Bg3 O-O 8. Qc2
Rb8 9. Bd3 a5 10. a4 Re8 11. Ne5 Bf5 12. Bxf5 exf5 13. Qxf5 Bxe5 14. dxe5 Nd7
15. Nf3 g6 16. Qc2 Ndxe5 17. Nxe5 Nxe5 18. Rd1 Nc4 19. O-O Rc8 20. Rd4 c5 21.
Rf4 Qb6 22. b3 Ne5 23. Qb1 Rcd8 24. h4 h5 25. Rd1 f5 26. b4 axb4 27. cxb4 c4 28.
Rfd4 Nd3 29. Qa1 Rd7 30. Rb1 Kf7 31. Qc3 Ra8 32. Qa3 Nc5 33. a5 Qb5 34. Rdd1 Nb3
35. Be5 b6 36. Bc3 Ke6 37. Kh2 Qa6 38. Kh3 bxa5 39. bxa5 Qd6 40. Bb4 Qe5 41. a6
Rda7 42. Qa4 Qc7 43. Qb5 Qd7 44. Qb6+ Kf7 45. Bc3 Rxa6 46. Qb4 f4+ 47. Kh2 fxe3
48. fxe3 Qc7+ 49. Kh1 Rb6 50. Rf1+ Kg8 51. Be5 Rxb4 52. Bxc7 Rb7 53. Be5 Re7 54.
Bd6 Rf7 55. Rfd1 Rf5 56. Bf4 d4 57. Bg5 d3 58. Kh2 Ra2 59. Rf1 Rxf1 60. Rxf1 d2
61. e4 c3 62. e5 Ra1 63. e6 Rxf1 0-1

[Event "World Youth Girl U14 2016"]
[Site "Khanty-Mansiysk RUS"]
[Date "2016.09.23"]
[Round "2.30"]
[White "Kvendseth, Thyra"]
[Black "Zavgorodneva, Ekaterina"]
[Result "1-0"]
[WhiteElo "1745"]
[BlackElo "1512"]
[WhiteFideId "1520628"]
[BlackFideId "34139351"]
[EventDate "2016.09.22"]

1. d4 d5 2. c4 c6 3. e3 Nf6 4. Nf3 e6 5. Nc3 Nbd7 6. Qc2 a6 7. a4 b6 8. Be2 Bb7
9. O-O Be7 10. Bd2 O-O 11. Bd3 Qc7 12. Rac1 Rac8 13. Qd1 Qb8 14. Qe2 Qa8 15.
cxd5 cxd5 16. Rc2 Rc7 17. Ne5 Rfc8 18. Rfc1 Bd6 19. f4 Ne4 20. Nxe4 dxe4 21.
Bxe4 Bxe4 22. Rxc7 Rxc7 23. Rxc7 Bxc7 24. Nxd7 f6 25. a5 Qb7 26. axb6 Bxb6 27.
Nxb6 Qxb6 28. Bc3 Qb5 29. Qd1 Qd3 30. Qxd3 Bxd3 31. Kf2 Be4 32. g3 Kf7 33. h4 f5
34. Ke2 Ke7 35. d5 g6 36. Bb4+ Kd7 37. d6 Kc8 38. Kd2 Bc6 39. Kc3 Kb7 40. Kd4
Kb6 41. Ke5 Bd7 42. Kf6 Kc6 43. Kg7 Kd5 44. Kxh7 Be8 45. Kg7 Ke4 46. Kf8 Bb5 47.
Ke7 Kxe3 48. d7 Bxd7 49. Kxd7 Kf3 50. Kxe6 Kxg3 51. Kf6 1-0

[Event "World Youth Girl U14 2016"]
[Site "Khanty-Mansiysk RUS"]
[Date "2016.09.23"]
[Round "2.31"]
[White "Kvamme, Ingrid Jodre"]
[Black "Barmagambetova, Sakypzhama"]
[Result "0-1"]
[WhiteElo "1450"]
[BlackElo "1744"]
[WhiteFideId "1516981"]
[BlackFideId "13723103"]
[EventDate "2016.09.22"]

1. Nf3 Nf6 2. c4 c6 3. g3 d5 4. b3 Qb6 5. Bg2 g6 6. d3 Bg7 7. O-O Ne4 8. d4 Qa6
9. cxd5 cxd5 10. Nbd2 Nc3 11. Qe1 Nxe2+ 12. Kh1 Nxd4 13. Nxd4 Bxd4 14. Rb1 Bf5
15. Bxd5 Bxb1 16. Nxb1 O-O 17. a4 Nc6 18. Bf4 Nb4 19. Bc4 Qc6+ 20. Kg1 Nd5 21.
Qe4 Nxf4 22. Qxf4 Qf6 23. Qe4 Rab8 24. Nd2 a6 25. Nf3 Rfd8 26. Bd5 Bc5 27. Bxb7
Qd6 28. Ne5 Qe6 29. Re1 Qb6 30. Qf3 Bxf2+ 31. Qxf2 Qxf2+ 32. Kxf2 Rxb7 33. Nc6
Rd2+ 34. Re2 Rxe2+ 35. Kxe2 Rxb3 36. Nxe7+ Kf8 37. Nc6 Ra3 38. Kd2 Rxa4 0-1

[Event "World Youth Girl U14 2016"]
[Site "Khanty-Mansiysk RUS"]
[Date "2016.09.23"]
[Round "2.32"]
[White "Sahin, Hayrun Nisa"]
[Black "Ebeling, Mariela"]
[Result "1-0"]
[WhiteElo "1725"]
[BlackElo "1459"]
[WhiteFideId "6380875"]
[BlackFideId "508080"]
[EventDate "2016.09.22"]

1. e4 e5 2. Nf3 Nc6 3. Nc3 Nf6 4. d4 exd4 5. Nxd4 Bb4 6. Nxc6 bxc6 7. Bd3 O-O 8.
O-O Re8 9. Re1 d6 10. h3 Rb8 11. Bg5 h6 12. Bh4 Ba5 13. Qc1 Bd7 14. a3 Bb6 15.
Na4 a5 16. Nxb6 cxb6 17. f4 Qc7 18. Bxf6 gxf6 19. f5 Kg7 20. Qf4 Rh8 21. Re3 Kf8
22. Rd1 Ke7 23. Bc4 b5 24. Ba2 Rbd8 25. Red3 Bc8 26. Rg3 Rh7 27. Rgd3 Qb6+ 28.
Kh1 c5 29. Qf2 Qc7 30. e5 fxe5 31. f6+ Kf8 32. Qd2 Ke8 33. Rxd6 Rxd6 34. Qxd6
Qxd6 35. Rxd6 c4 36. Rd5 Bd7 37. a4 bxa4 38. Rxa5 c3 39. Ra8+ Bc8 40. Rxc8+ Kd7
41. Rxc3 h5 42. Rc5 Kd6 43. Ra5 e4 44. Bc4 h4 45. Rd5+ Kc6 46. Rg5 Rh6 47. Bb5+
Kd6 48. Bxa4 Rxf6 49. Kg1 1-0

[Event "World Youth Girl U14 2016"]
[Site "Khanty-Mansiysk RUS"]
[Date "2016.09.23"]
[Round "2.33"]
[White "Puppi Lazo, Stephanie Beatriz"]
[Black "Khannanova, Lina"]
[Result "1-0"]
[WhiteElo "1710"]
[BlackElo "1397"]
[WhiteFideId "3826104"]
[BlackFideId "44131623"]
[EventDate "2016.09.22"]

1. e4 c5 2. Nf3 e6 3. c3 a6 4. d4 cxd4 5. cxd4 d5 6. Bd3 Nc6 7. O-O g6 8. Nc3
Bg7 9. e5 Nge7 10. Bg5 b5 11. a3 O-O 12. Qc1 f6 13. exf6 Bxf6 14. Bh6 Rf7 15.
Ne2 Qb6 16. Qe3 Bd7 17. Rfd1 Re8 18. h4 Nf5 19. Bxf5 exf5 20. Qd2 Rfe7 21. Nf4
Be6 22. h5 Bf7 23. Bg5 Bxg5 24. Nxg5 Rd8 25. Qd3 Qb8 26. Qg3 Rd6 27. Rac1 Qd8
28. Rc3 Qd7 29. Qh4 Kg7 30. Nxh7 Re8 31. hxg6 Bxg6 32. Rg3 Rh8 33. Nxg6 Rxh7 34.
Qxh7+ Kxh7 35. Nf8+ Kh8 36. Nxd7 Rxd7 37. Rg6 Nb8 38. Rd3 Rg7 39. Rh3+ Kg8 40.
Rb6 Nd7 41. Rxa6 1-0

[Event "World Youth Girl U14 2016"]
[Site "Khanty-Mansiysk RUS"]
[Date "2016.09.23"]
[Round "2.35"]
[White "Mairambekova, Aiperi"]
[Black "Pandey, Ritika"]
[Result "1/2-1/2"]
[WhiteElo "1329"]
[BlackElo "1641"]
[WhiteFideId "13801511"]
[BlackFideId "30903670"]
[EventDate "2016.09.22"]

1. e4 e5 2. Nf3 Nc6 3. Bb5 a6 4. Bxc6 dxc6 5. O-O Bg4 6. h3 h5 7. d3 Bd6 8. Be3
Bxf3 9. Qxf3 Qd7 10. Nd2 O-O-O 11. Nc4 f6 12. Qf5 Kb8 13. Nxd6 Qxd6 14. a3 Ne7
15. Qf3 g5 16. Qe2 Rdg8 17. g3 f5 18. exf5 Nxf5 19. b4 Qd7 20. Kh2 Qd8 21. Rh1
Rf8 22. Bc5 Nd4 23. Bxd4 Qxd4 24. Rhf1 g4 25. h4 Rf3 26. Kg2 Rhf8 27. Rae1 Qd5
28. Kg1 R8f5 29. Qd2 c5 30. Re3 cxb4 31. axb4 Rf8 32. Rxf3 gxf3 33. Re1 c5 34.
bxc5 Qxc5 1/2-1/2

[Event "World Youth Girl U14 2016"]
[Site "Khanty-Mansiysk RUS"]
[Date "2016.09.24"]
[Round "3.5"]
[White "Grigorieva, Yulia"]
[Black "Wang, Annie"]
[Result "1/2-1/2"]
[BlackTitle "WIM"]
[WhiteElo "1923"]
[BlackElo "2013"]
[WhiteFideId "34104868"]
[BlackFideId "2053900"]
[EventDate "2016.09.22"]

1. e4 e6 2. d4 d5 3. e5 c5 4. c3 Nc6 5. Nf3 Qb6 6. a3 c4 7. g3 Na5 8. Nbd2 Bd7
9. Bg2 Ne7 10. O-O Nc8 11. Ne1 Qc7 12. f4 Nb6 13. Rf2 h5 14. Nc2 O-O-O 15. Ne3
Be7 16. h3 f6 17. Nf3 Nb3 18. Rb1 Rdg8 19. f5 Nxc1 20. Qxc1 g5 21. b3 cxb3 22.
Rxb3 exf5 23. Nd2 Be6 24. Nxf5 fxe5 25. Nxe7+ Qxe7 26. c4 Qc7 27. c5 exd4 28.
Nf3 Nc4 29. Nxd4 Bf7 30. Qc3 a6 31. Qb4 Re8 32. c6 b6 33. Qa4 Re1+ 34. Kh2 a5
35. Qb5 Qa7 36. Rbf3 Ne5 37. Bf1 Nxf3+ 38. Nxf3 Re7 39. Nxg5 Rf8 40. Nh7 Rg8 41.
Nf6 Rg5 42. Nd7 Re1 43. Rb2 Rd1 44. Nxb6+ Kd8 45. Be2 Re1 46. Bf3 Rge5 47. Qc5
Qe7 48. Qxa5 R5e2+ 49. Bxe2 Rxe2+ 50. Rxe2 Qxe2+ 51. Kg1 Qe3+ 52. Kg2 Qe2+ 53.
Kg1 Qe3+ 54. Kg2 Qe2+ 1/2-1/2

[Event "World Youth Girl U14 2016"]
[Site "Khanty-Mansiysk RUS"]
[Date "2016.09.24"]
[Round "3.6"]
[White "Antova, Gabriela"]
[Black "Koroleva, Evgeniya"]
[Result "1/2-1/2"]
[WhiteTitle "FM"]
[WhiteElo "2253"]
[BlackElo "1970"]
[WhiteFideId "2915235"]
[BlackFideId "34124010"]
[EventDate "2016.09.22"]

1. d4 d5 2. Nf3 Nf6 3. c4 dxc4 4. Nc3 a6 5. e4 b5 6. e5 Nd5 7. a4 Nxc3 8. bxc3
Qd5 9. Be2 Bb7 10. O-O e6 11. Bg5 h6 12. Ne1 Qd7 13. Be3 Bd5 14. Qb1 c6 15. f4
Qd8 16. f5 Be7 17. Nf3 Nd7 18. fxe6 Bxe6 19. Qe4 Rc8 20. axb5 axb5 21. Ra6 Nb6
22. h3 Nd5 23. Bd2 Qd7 24. Nh4 Bg5 25. Be1 Ne3 26. Rf3 Bd5 27. Qb1 Bxf3 28. Bxf3
O-O 29. Bf2 Qb7 30. Ra2 Qe7 31. Nf5 Nxf5 32. Qxf5 Qe6 33. Qe4 Ra8 34. Rc2 Ra6
35. h4 Bd8 36. Qf4 Bc7 37. Bg4 Ra1+ 38. Kh2 Qe7 39. Bg3 f6 40. exf6 Bxf4 41.
fxe7 Bxg3+ 42. Kxg3 Re8 43. Be6+ Kh8 44. Bd7 Rxe7 45. Bxc6 Rb1 46. Kf4 Rf1+ 47.
Kg4 Re6 48. Bf3 Rfe1 1/2-1/2